Tratado elemental de matemáticas (Record no. 172963)

MARC details
000 -LEADER
campo de control de longitud fija 00907nam a22002055i 4500
001 - NÚMERO DE CONTROL
campo de control 172963
003 - IDENTIFICADOR DE NÚMERO DE CONTROL
campo de control ES-MaACL
005 - FECHA Y HORA DE LA ÚLTIMA TRANSACCIÓN
campo de control 20250903011205.0
008 - DATOS DE LONGITUD FIJA--INFORMACIÓN GENERAL
campo de control de longitud fija 090921m18411844sp |||| | spa d
080 ## - NÚMERO DE LA CLASIFICACIÓN DECIMAL UNIVERSAL
Número de la Clasificación Decimal Universal 51(075.8)
100 1# - ENTRADA PRINCIPAL--NOMBRE DE PERSONA
Nombre de persona Vallejo, José Mariano,
Fechas asociadas al nombre 1779-1846
9 (RLIN) 139765
245 10 - MENCIÓN DEL TÍTULO
Título Tratado elemental de matemáticas
Resto del título : escrito de órden de S. M. para uso de los caballeros seminaristas del Seminario de Nobles de Madrid y demás casas de educación del reino /
Mención de responsabilidad, etc. por José Mariano Vallejo.
250 ## - MENCION DE EDICION
Mención de edición 4ª ed., corr. y aum.
260 ## - PUBLICACIÓN, DISTRIBUCIÓN, ETC.
Lugar de publicación, distribución, etc. Madrid :
Nombre del editor, distribuidor, etc. [s.n.],
Fecha de publicación, distribución, etc. 1841 (
Fabricante Impr. Garrasayaza)
300 ## - DESCRIPCIÓN FÍSICA
Extensión 2 v. :
Otras características físicas il. ;
Dimensiones 21 cm.
505 8# - NOTA DE CONTENIDO CON FORMATO
Nota de contenido con formato Contiene: T.I, parte 1ª: Aritmética y álgebra. T.I., parte 2ª: Geometría, trigonometría rectilínea y geometría práctica.
650 07 - PUNTO DE ACCESO ADICIONAL DE MATERIA--TÉRMINO DE MATERIA
Término de materia o nombre geográfico como elemento de entrada Matemáticas
Fuente del encabezamiento o término embne
9 (RLIN) 14814
852 ## - LOCALIZACIÓN
Ubicación ES-MaACL
Número de control de estantería B-404-05
itemnumber R.145205
Holdings
Estatus retirado Estado de pérdida Estado de daño No para préstamo Colección Biblioteca de origen Biblioteca actual Ubicación en estantería Fecha de adquisición Fuente de adquisición Total de préstamos Signatura topográfica completa Código de barras Visto por última vez Precio de reemplazo Tipo de ítem Koha
        Libros del s. XIX Biblioteca del Ateneo de Madrid Biblioteca del Ateneo de Madrid Sala Pardo Bazán 21/09/2009     B-404-05 1181491 23/02/2023 23/02/2023 Libro impreso antiguo